Race de chien les plus populaire - Statistiques

Statistiques générales
  • Ce quiz a été pris 704 fois
  • Le résultat moyen est 3 sur 15
Statistiques - réponses
# Réponse % Correct
2 Labrador
88%
6 caniche
65%
10 dalmatien
38%
15 bulldog
23%
13 boxer
22%
5 Chiwawa
16%
3 Bouvier Bernois
15%
4 bichon maltais
10%
14 pittbul
10%
8 huskie
7%
12 berger allemend
4%
9 samoyede
3%
1 Golden Retrevieur
2%
7 loulou de pomeranie
1%
11 Pug ( carlin)
0%
Aucun quiz correspondant
Distribution des résultats
% des personnes avec chaque résultat
Percentile par nombre de réponses
Votre historique - résultats
Vous n’avez pas pris ce quiz